USA 40K Cities on a Map: Oregon - Statistics

General Stats
  • This quiz has been taken 11 times
  • The average score is 11 of 14
Answers on the Map
Answers color-coded by a green-red scale on the quiz's map according to % correct below.
 
Answer Stats
Answer % Correct
Bend
100%
Eugene
100%
Portland
100%
Salem
100%
Beaverton
88%
Gresham
88%
Medford
88%
Tigard
88%
Corvallis
75%
Hillsboro
75%
Springfield
75%
Albany
63%
Aloha
50%
Lake Oswego
38%
No matching quizzes found
Score Distribution
Percent of People with Each Score
Percentile by Number Answered
Your Score History
You have not taken this quiz